000 00459nam a22001817a 4500
005 20180707150856.0
008 160512b xxu||||| |||| 00| 0 eng d
020 _a81-203-2128-6
041 _aeng
082 _b1727
_a658.15
100 _aKEOWN, ARTHUR J AND OTHERS
_94481
245 _aFINANCIAL MANAGEMENT:principles and application
250 _a19ed.
260 _aNew Delhi
_bPHI,
_c2002
300 _a761p,
650 _aManagement
_9241
942 _cBK
999 _c666
_d666